In Cuba /
Kaydedildi:
| Yazar: | |
|---|---|
| Diğer Yazarlar: | |
| Materyal Türü: | Kitap |
| Dil: | English |
| Baskı/Yayın Bilgisi: |
[New York,
New Directions Publishng Corporation,
1974]
|
| Seri Bilgileri: | A new directions book
|
| Konular: | |
| Etiketler: |
Etiketle
Etiket eklenmemiş, İlk siz ekleyin!
|
MARC
| LEADER | 00000cam a2200000 4500 | ||
|---|---|---|---|
| 001 | 4095978 | ||
| 005 | 20140903055059.0 | ||
| 008 | 740426s1974 nyu 000 0 eng d | ||
| 020 | |a 0811205371 |a 081120538X (pbk.) | ||
| 040 | |a DLC |c DLC |d DLC |d CIICLA | ||
| 041 | 1 | |a engspa | |
| 082 | 0 | 0 | |a 917.291 |b C266i |
| 100 | 1 | |a Cardenal, Ernesto. | |
| 245 | 1 | 0 | |a In Cuba / |c Ernesto Cardenal ; translated by Donald D. Walsh. |
| 260 | |a [New York, |b New Directions Publishng Corporation, |c 1974] | ||
| 300 | |a xi, 340 páginas | ||
| 490 | 0 | |a A new directions book | |
| 651 | 0 | |a CUBA |x VIAJES Y DESCRIPCIONES | |
| 651 | 0 | |a CUBA |x POLITICA Y GOBIERNO |y 1959-1990. | |
| 700 | 1 | 2 | |a Walsh, Donald D. |j traductor |
| 942 | |2 ddc |c BK | ||
| 999 | |c 3441 |d 3441 | ||



